Statystyki dla Największe obiekty w Układzie Słonecznym

Kliknij tutaj aby rozwiązać quiz!

Ogólne statystyki

  • Ten quiz został rozwiązany 225 razy
  • Średni wynik to 14 z 35

Odpowiedzi na mapie

Odpowiedzi skodowane kolorowo w zielono-czerwonej skali na mapie do tego quizu, zgodnie z poniższymi procentami.
 

Statystyki odpowiedzi

TypŚredni promień (w km)Odpowiedź% Poprawnych
Planeta6,371Ziemia
99%
Planeta58,232Saturn
98%
Planeta69,911Jowisz
97%
Planeta24,622Neptun
97%
Planeta3389.5Mars
96%
Planeta2439.7Merkury
94%
Planeta25,362Uran
94%
Gwiazda696,342Słońce
91%
Planeta karłowata1,188.3Pluton
90%
Planeta6,051.8Wenus
90%
Księżyc Ziemi1,737.4Księżyc
88%
Księżyc Jowisza1,560.8Europa
55%
Księżyc Saturna2574.43Tytan
41%
Księżyc Jowisza1,821.6Io
37%
Planeta karłowata469.7Ceres
35%
Księżyc Jowisza2,634.1Ganimedes
30%
Planeta karłowata1,163Eris
26%
Księżyc Jowisza2,410.3Kallisto
26%
Księżyc Plutona606Charon
19%
Planeta karłowata?715Makemake
19%
Księżyc Neptuna1,353.4Tryton
19%
Księżyc Urana788.4Tytania
15%
Księżyc Urana578.9Ariel
10%
Planeta karłowata?780 (elipsoida)Haumea
9%
Sednoid~498Sedna
9%
Księżyc Urana584.7Umbriel
9%
Księżyc Saturna734.5Japet
8%
Księżyc Saturna531.1Tetyda
8%
Księżyc Saturna561.4Dione
6%
Księżyc Saturna763.8Rea
6%
Księżyc Urana761.4Oberon
5%
Planeta karłowata?~615Gonggong
2%
Plutonek~458Orkus
2%
Cubewano560.5Quaoar
2%
Cubewano~423Salacia
1%

Rozkład punktacji

Percentyl według liczby udzielonych odpowiedzi

Procent ludzi z każdym wynikiem

Twoja historia wyników

Nie rozwiązałeś tego quizu